000 00591nam a2200229Ia 4500
003 OSt
005 20220924132233.0
006 a|||||r|||| 00| 0
007 ta
008 220923b |||||||| |||| 00| 0 san d
024 _a38277
037 _cTextual
040 _aARTS
_cARTS
_bsan
041 _2san
_asan
082 _aO15:1:9xF, 15J6
100 _aBhattacharya S
_98836
245 0 _aKavya pariksha ed by Parasurma Sarma
260 _c1956
650 _aENGLISH LITERATURE
942 _hO15:1:9xF, 15J6
_cTEXL
_2CC
999 _c429696
_d429696